Wandedaad, Hissa Suwam Kitab Awastaed (Record no. 8686)

MARC details
000 -LEADER
fixed length control field 00601nam a2200241 a 4500
020 ## - INTERNATIONAL STANDARD BOOK NUMBER
ISBN
082 00 - DEWEY DECIMAL CLASSIFICATION NUMBER
Classification number 295
Author Cutter YAZ
100 ## - MAIN ENTRY--AUTHOR NAME
Author name Yazdi, Fatahullah Maftoon
245 ## - TITLE STATEMENT
Title Wandedaad, Hissa Suwam Kitab Awastaed
260 ## - PUBLICATION, DISTRIBUTION, ETC. (IMPRINT)
Place of publication Hyderabad
Name of publisher Nizam Government
Year of publication 1948
300 ## - PHYSICAL DESCRIPTION
Number of Pages 179p
500 ## - GENERAL NOTE
General note includes index and biblioraphy
505 2# - FORMATTED CONTENTS NOTE
Formatted contents note Index
650 ## - SUBJECT ADDED ENTRY--TOPICAL TERM
Topical Term Zoroastrianism
942 ## - ADDED ENTRY ELEMENTS (KOHA)
Koha item type Books
700 1# -
-- Yazdi, Fatahullah Maftoon
Holdings
Collection code Home library Current library Date acquired Cost, normal purchase price Full call number Accession Number Koha item type
  Henry Martyn Institute Library Henry Martyn Institute Library 06/15/2009 100.00 295 YAZ 010282 Books
                   Copyright © 2026 | Henry Martyn Institute | Hyderabad | TS-500052 | INDIA | Implemented by hmi.edu.in
Hit-Count:

Powered by Koha